[Event "26th EUR-ch"]
[Site "Katowice POL"]
[Date "2026.04.16"]
[Round "9.167"]
[White "Szente Varga, Fruzsina"]
[Black "Veljanoski, Andrej"]
[Result "0-1"]
[WhiteElo "2078"]
[BlackElo "2255"]
[EventDate "2026.04.07"]
[PlyCount "93"]

1.e4 e5 2.Nf3 Nc6 3.d4 exd4 4.Nxd4 Nf6 5.Nxc6 bxc6 6.e5 Qe7 7.Qe2 Nd5 8.h4
a5 9.c4 Ba6 10.g3 f6 11.exf6 Nxf6 12.Bf4 O-O-O 13.Qxe7 Bxe7 14.Nd2 Bc5 15.
O-O-O Bxf2 16.Bh3 Rhe8 17.b3 h6 18.Rhf1 Be3 19.g4 Bxf4 20.Rxf4 Re3 21.Nf3 
Ne4 22.Re1 Rxe1+ 23.Nxe1 Re8 24.Nc2 c5 25.g5 hxg5 26.Rf7 Rd8 27.h5 Rh8 28.
Bxd7+ Kb8 29.Bc6 Bb7 30.Bxb7 Kxb7 31.Rxg7 Rxh5 32.Ne3 Rh1+ 33.Kc2 Rh2+ 34.
Kd3 Nf2+ 35.Kc3 Ne4+ 36.Kd3 Nf2+ 37.Kc3 Rh3 38.Kd2 g4 39.Nd5 Ne4+ 40.Ke1 
g3 41.Rxc7+ Kb8 42.Kf1 Rh2 43.Rf7 Rxa2 44.Rf4 g2+ 45.Kg1 Ng5 46.Rf8+ Kb7 
47.Kh2 0-1

[Event "26th EUR-ch"]
[Site "Katowice POL"]
[Date "2026.04.16"]
[Round "9.168"]
[White "Perets, Dmytro"]
[Black "Hasson Schrager, Shalev"]
[Result "1-0"]
[WhiteElo "2253"]
[BlackElo "2110"]
[EventDate "2026.04.07"]
[PlyCount "103"]

1.e4 e5 2.Nf3 Nc6 3.Bb5 a6 4.Ba4 Nf6 5.Nc3 b5 6.Bb3 Bc5 7.Nd5 h6 8.d3 d6 
9.c3 O-O 10.Nxf6+ Qxf6 11.Bd5 Bd7 12.Rg1 h5 13.h3 Rae8 14.Bg5 Qg6 15.g4 
hxg4 16.hxg4 Ne7 17.Bxe7 Rxe7 18.Qd2 Qf6 19.Ke2 Be6 20.Bb3 d5 21.Qg5 dxe4 
22.dxe4 Bxb3 23.axb3 Qc6 24.Nd2 Rd8 25.Rad1 Red7 26.Qf5 g6 27.Qxe5 Re7 28.
Qf4 Re6 29.g5 Rxd2+ 30.Kxd2 Rxe4 31.Qg3 Qe6 32.Rde1 Bd6 33.Rxe4 Qxe4 34.
Qd3 Qf4+ 35.Ke2 Qh2 36.Kf1 Bc5 37.Qf3 Qe5 38.Qf6 Qd5 39.Rg3 Qh1+ 40.Rg1 
Qe4 41.Qd8+ Kg7 42.Qd2 Qb1+ 43.Kg2 Qe4+ 44.f3 Qf5 45.Re1 f6 46.gxf6+ Kf7 
47.c4 c6 48.Re4 b4 49.Qh6 Bf8 50.Re7+ Bxe7 51.Qg7+ Ke6 52.Qxe7# 1-0

[Event "26th EUR-ch"]
[Site "Katowice POL"]
[Date "2026.04.16"]
[Round "9.169"]
[White "Korniichuk, Oleksandra"]
[Black "Saraci, Korab"]
[Result "1/2-1/2"]
[WhiteElo "2055"]
[BlackElo "2251"]
[EventDate "2026.04.07"]
[PlyCount "92"]

1.e4 c5 2.Nf3 d6 3.d4 cxd4 4.Nxd4 Nf6 5.Nc3 g6 6.Be3 Bg7 7.f3 O-O 8.Qd2 
Nc6 9.O-O-O d5 10.exd5 Nxd5 11.Nxc6 bxc6 12.Bd4 Nxc3 13.Qxc3 Bh6+ 14.Be3 
Bxe3+ 15.Qxe3 Qb6 16.Qc3 Be6 17.Kb1 Qf2 18.Qd2 Rfd8 19.Bd3 Qc5 20.h4 Rab8 
21.b3 a5 22.h5 g5 23.Qe2 Rd5 24.Rhe1 Rb4 25.c4 Rxd3 26.Rxd3 Bf5 27.g4 
Bxd3+ 28.Qxd3 Rb8 29.Qe3 Qxe3 30.Rxe3 Kf8 31.Kc2 f6 32.Kc3 e5 33.a3 Ke7 
34.Rd3 Ke6 35.c5 e4 36.fxe4 Ke5 37.Rf3 Rd8 38.b4 axb4+ 39.axb4 Rd1 40.b5 
cxb5 41.Kb4 Kxe4 42.Rxf6 Rb1+ 43.Kc3 Rc1+ 44.Kb4 Rb1+ 45.Kc3 Rc1+ 46.Kb4 
Ke5 1/2-1/2

[Event "26th EUR-ch"]
[Site "Katowice POL"]
[Date "2026.04.16"]
[Round "9.170"]
[White "Omarsson, Josef"]
[Black "Przybylski, Bartosz"]
[Result "1/2-1/2"]
[WhiteElo "2044"]
[BlackElo "2249"]
[EventDate "2026.04.07"]
[PlyCount "134"]

1.d4 Nf6 2.c4 e6 3.Nf3 b6 4.g3 Ba6 5.b3 Bb4+ 6.Bd2 Be7 7.Nc3 d5 8.Bg2 O-O 
9.Ne5 Bb7 10.O-O Nbd7 11.f4 c5 12.e3 Rc8 13.cxd5 Nxe5 14.dxe5 Nxd5 15.Nxd5
Bxd5 16.e4 Bb7 17.Bc3 c4 18.b4 Qd3 19.Qe1 Rfd8 20.Rf2 Qd7 21.f5 Qc6 22.f6 
Bf8 23.fxg7 Bxg7 24.Qe2 Rd3 25.Rc1 Rcd8 26.Qh5 Qd7 27.Bf1 Bxe4 28.Bxd3 
cxd3 29.h4 Rc8 30.Qg5 h6 31.Qf4 Bg6 32.g4 Qd5 33.h5 Rc4 34.Qf3 Qxf3 35.
Rxf3 Be4 36.Rff1 Bd5 37.Kf2 Rxg4 38.Rg1 Rh4 39.Rg3 Kh7 40.Rcg1 Bh8 41.Ke3 
Rxh5 42.Rf1 Rf5 43.Rxf5 exf5 44.Kxd3 Bxa2 45.Rg1 b5 46.Ra1 Bc4+ 47.Ke3 Bg7
48.Kf4 Be6 49.Rxa7 h5 50.Kg5 Bh6+ 51.Kxh5 Be3 52.Ra3 f4 53.Be1 Bd4 54.Bc3 
Be3 55.Be1 Bc1 56.Ra5 Bc4 57.Kg4 Be2+ 58.Kf5 f3 59.Bf2 Bd2 60.Ra7 Bc4 61.
Ke4 Bxb4 62.Kxf3 Bc3 63.Ke4 b4 64.Bd4 Bxd4 65.Kxd4 Be6 66.Ra1 b3 67.Rg1 
Kh6 1/2-1/2

[Event "26th EUR-ch"]
[Site "Katowice POL"]
[Date "2026.04.16"]
[Round "9.171"]
[White "Zieba, Franciszek"]
[Black "Maltezeanu, Stefan"]
[Result "0-1"]
[WhiteElo "1847"]
[BlackElo "2245"]
[EventDate "2026.04.07"]
[PlyCount "80"]

1.e4 d5 2.exd5 Qxd5 3.d4 e5 4.dxe5 Qxd1+ 5.Kxd1 Nc6 6.f4 Bf5 7.c3 O-O-O+ 
8.Ke1 f6 9.Bb5 Bc5 10.b4 Nxb4 11.Na3 Nd3+ 12.Bxd3 Bxd3 13.Nf3 Nh6 14.Nd4 
Rxd4 15.cxd4 Bxd4 16.Kd2 Bg6 17.Rb1 Bxb1 18.Nxb1 fxe5 19.Kd3 Rd8 20.fxe5 
Bxe5+ 21.Ke4 Re8 22.Bxh6 gxh6 23.h4 Bg3+ 24.Kf5 Re2 25.Kg4 Be5 26.Kf5 Bg3 
27.Kg4 Bd6 28.Kf3 Rxa2 29.g4 a5 30.g5 hxg5 31.hxg5 Rh2 32.Rxh2 Bxh2 33.Nc3
Be5 34.Na2 Kd7 35.Kg4 Ke6 36.Kh5 b5 37.Kh6 b4 38.Nc1 Kf5 39.Nd3 b3 40.Kxh7
b2 0-1

[Event "26th EUR-ch"]
[Site "Katowice POL"]
[Date "2026.04.16"]
[Round "9.172"]
[White "Brozyna, Mateusz"]
[Black "Alpaslan, Utku"]
[Result "0-1"]
[WhiteElo "2242"]
[BlackElo "2105"]
[EventDate "2026.04.07"]
[PlyCount "78"]

1.d4 Nf6 2.c4 e6 3.Nf3 d5 4.Nc3 Bb4 5.cxd5 exd5 6.Bg5 h6 7.Bxf6 Qxf6 8.Qb3
Bxc3+ 9.Qxc3 c6 10.e3 O-O 11.b4 Bf5 12.Be2 Nd7 13.O-O Bg4 14.Rfc1 Qe6 15.
a4 f5 16.b5 Rac8 17.bxc6 Rxc6 18.Qd2 Bxf3 19.Bxf3 Nf6 20.Qb2 Rfc8 21.h3 g5
22.Rxc6 bxc6 23.Be2 g4 24.hxg4 fxg4 25.Re1 Rf8 26.Bd3 g3 27.fxg3 Ng4 28.
Qb7 Rf7 29.Qb8+ Kg7 30.Qd8 c5 31.dxc5 Qe5 32.Qd6 Qh5 33.Qg6+ Qxg6 34.Bxg6 
Kxg6 35.e4 Re7 36.c6 dxe4 37.Kf1 Kf5 38.Ke2 Rc7 39.Rf1+ Ke5 0-1

[Event "26th EUR-ch"]
[Site "Katowice POL"]
[Date "2026.04.16"]
[Round "9.173"]
[White "Wesolowski, Jeremi"]
[Black "Krasniewski, Maciej"]
[Result "0-1"]
[WhiteElo "1823"]
[BlackElo "2228"]
[EventDate "2026.04.07"]
[PlyCount "82"]

1.e4 c5 2.Nf3 Nc6 3.d4 cxd4 4.Nxd4 e5 5.Nb5 d6 6.c4 g6 7.Bd3 Nf6 8.O-O a6 
9.N5c3 Bg7 10.Nd5 Nxd5 11.cxd5 Nd4 12.Be3 O-O 13.Nd2 f5 14.Rc1 Bd7 15.b3 
fxe4 16.Nxe4 Nf5 17.Qd2 b5 18.Rc2 Rc8 19.Rfc1 Rxc2 20.Rxc2 a5 21.Nc3 Qb8 
22.a4 bxa4 23.bxa4 Nxe3 24.Qxe3 Qb3 25.Be4 Rc8 26.h3 Bf5 27.Nd1 Qxa4 28.
Rxc8+ Bxc8 29.Qc1 Bd7 30.Qb1 Qd4 31.Ne3 Qa7 32.Nc4 Qc7 33.Qb3 Bf8 34.Kh2 
Qc5 35.Nb6 Be8 36.f3 Bh6 37.Qb2 Bc1 38.Qc2 Bf4+ 39.g3 Bxg3+ 40.Kxg3 Qg1+ 
41.Qg2 Qxb6 0-1

[Event "26th EUR-ch"]
[Site "Katowice POL"]
[Date "2026.04.16"]
[Round "9.174"]
[White "Tymrakiewicz, Rafal"]
[Black "Triger, Eitan"]
[Result "1-0"]
[WhiteElo "2216"]
[BlackElo "2095"]
[EventDate "2026.04.07"]
[PlyCount "79"]

1.c3 d5 2.d4 Nf6 3.Bg5 h6 4.Bxf6 gxf6 5.e3 c5 6.g3 Qb6 7.Qb3 Qxb3 8.axb3 
cxd4 9.cxd4 Bf5 10.Nc3 e6 11.Kd2 Nc6 12.Nge2 Rc8 13.Nf4 Bd6 14.Bb5 a6 15.
Be2 Ke7 16.Rhc1 Rhd8 17.Bd3 Bxd3 18.Nxd3 Bb8 19.Ne2 e5 20.Nc5 b6 21.Nd3 a5
22.Rc2 e4 23.Ndf4 Bxf4 24.Nxf4 Nb4 25.Rc3 Kd6 26.Rac1 Rc6 27.Rxc6+ Nxc6 
28.Nh5 f5 29.Ng7 Ne7 30.Rf1 Rg8 31.Nh5 Rg5 32.Nf4 Rg8 33.f3 Ra8 34.Ne2 
exf3 35.Nc3 Ke6 36.Rxf3 Ng8 37.Rf1 Nf6 38.Kd3 Ne4 39.Nxd5 Nd6 40.Nc7+ 1-0

[Event "26th EUR-ch"]
[Site "Katowice POL"]
[Date "2026.04.16"]
[Round "9.175"]
[White "Portelli, Matthew"]
[Black "Zhuk, Ivan"]
[Result "1-0"]
[WhiteElo "2213"]
[BlackElo "2068"]
[EventDate "2026.04.07"]
[PlyCount "157"]

1.e4 c5 2.Nc3 d6 3.Nge2 Nf6 4.d4 cxd4 5.Nxd4 a6 6.Bg5 e6 7.f4 Be7 8.Qf3 
Qc7 9.Be2 Nc6 10.O-O-O Bd7 11.Qg3 h6 12.Bh4 Nxd4 13.Rxd4 Qc5 14.Rhd1 g5 
15.fxg5 hxg5 16.Qxg5 Qxg5+ 17.Bxg5 Rxh2 18.Bf3 Bc6 19.Bf4 Rh4 20.Bg3 Rh8 
21.Bxd6 Bxd6 22.Rxd6 Nd7 23.Re1 Ne5 24.b3 Ke7 25.Rd2 Rac8 26.Nd5+ Kf8 27.
Nb6 Rc7 28.Kb2 Rh2 29.Ree2 Be8 30.c4 Rc6 31.Na4 b5 32.cxb5 axb5 33.Nc3 b4 
34.Nd1 Rc8 35.a3 bxa3+ 36.Kxa3 Rc1 37.Re3 Rh1 38.Kb2 Rc8 39.Be2 Rg1 40.Rg3
Bc6 41.Nc3 Rb8 42.Rg5 Ng6 43.Rd1 Rxd1 44.Bxd1 Nf4 45.Bc2 Ke7 46.g3 Ng2 47.
Rc5 Kd6 48.Rc4 e5 49.Nd1 Rh8 50.Rc3 Ne1 51.Bb1 Rh2+ 52.Ka3 Bb5 53.Ne3 Be2 
54.Nf5+ Kd7 55.Rc5 Nf3 56.b4 Ba6 57.Bc2 Rxc2 58.Rxc2 Bd3 59.Rc5 Bxe4 60.
Ne3 f6 61.b5 Nd4 62.Kb4 Ke6 63.Nc4 Bd5 64.Na5 Kd6 65.b6 Nc6+ 66.Nxc6 Bxc6 
67.Rc3 f5 68.Rd3+ Ke6 69.Kc5 Be4 70.Rd6+ Ke7 71.Rh6 Kd7 72.Rh7+ Kc8 73.Re7
Kb8 74.Rxe5 Kb7 75.g4 fxg4 76.Rxe4 g3 77.Re7+ Kb8 78.Kc6 g2 79.Re8# 1-0

[Event "26th EUR-ch"]
[Site "Katowice POL"]
[Date "2026.04.16"]
[Round "9.176"]
[White "Salaun, Yann"]
[Black "Pozimski, Szymon"]
[Result "0-1"]
[WhiteElo "2199"]
[BlackElo "2025"]
[EventDate "2026.04.07"]
[PlyCount "140"]

1.e4 e6 2.d3 c5 3.c3 d5 4.Nd2 Nc6 5.Ngf3 dxe4 6.dxe4 Qc7 7.a3 Nf6 8.b4 Be7
9.Bb2 Nd7 10.Be2 O-O 11.O-O b6 12.b5 Nce5 13.Nxe5 Nxe5 14.f4 Ng6 15.g3 Bb7
16.c4 Rfd8 17.Qc2 Rd7 18.Nf3 Rad8 19.Bc3 Bf6 20.e5 Be7 21.Rad1 f6 22.exf6 
Bxf6 23.Bxf6 gxf6 24.Qc3 Bxf3 25.Bxf3 Rd4 26.Rde1 Kf7 27.Re3 Qd6 28.f5 
exf5 29.Bd5+ Kg7 30.Re6 Qc7 31.Qe3 f4 32.Qf3 Rf8 33.Kh1 Qd7 34.Rfe1 Ne5 
35.R1xe5 fxe5 36.Rxe5 Kh8 37.g4 Qg7 38.Re1 Rd2 39.Rg1 Qd4 40.g5 Qd3 41.Qh5
Qg6 42.Qh3 Rd3 43.Bf3 Rxa3 44.Qg2 Re3 45.h4 Rfe8 46.Kh2 Qd3 47.Rd1 Qxc4 
48.g6 hxg6 49.Rd2 Qc3 50.Rf2 Qf6 51.Qg4 Kg7 52.Rd2 R8e7 53.h5 Rxf3 54.Qxf3
Qh4+ 55.Kg2 Qg3+ 56.Qxg3 fxg3 57.hxg6 Kxg6 58.Kxg3 Re3+ 59.Kf4 Rb3 60.Rd6+
Kf7 61.Ke5 Re3+ 62.Kf5 Ke7 63.Rh6 Kd7 64.Rh8 Re8 65.Rh7+ Re7 66.Rh8 Kd6 
67.Rd8+ Rd7 68.Re8 Kd5 69.Re1 Rf7+ 70.Kg6 Rf3 0-1

[Event "26th EUR-ch"]
[Site "Katowice POL"]
[Date "2026.04.16"]
[Round "9.177"]
[White "Kochavi, Dana"]
[Black "Hertlein, Irena"]
[Result "1-0"]
[WhiteElo "2196"]
[BlackElo "2057"]
[EventDate "2026.04.07"]
[PlyCount "89"]

1.e4 e6 2.d4 d5 3.Nc3 dxe4 4.Nxe4 Bd7 5.Nf3 Bc6 6.Bd3 Nd7 7.a4 Ngf6 8.Nc3 
Bb4 9.O-O O-O 10.Bg5 h6 11.Bh4 Be7 12.Re1 Bxf3 13.Qxf3 c6 14.a5 Qc7 15.Ne4
Qd8 16.a6 b6 17.Rad1 Nd5 18.Bg3 b5 19.c3 Qb6 20.Ra1 Rfd8 21.Nd6 N7f6 22.
Nb7 Rd7 23.Be5 Rc8 24.Bb1 c5 25.dxc5 Bxc5 26.Nxc5 Qxc5 27.Bd4 Qc6 28.Bd3 
b4 29.Ra5 bxc3 30.Bb5 Qc7 31.Bxd7 Nxd7 32.Bxc3 Ne5 33.Qg3 Nxc3 34.Qxc3 
Qxc3 35.bxc3 Nd3 36.Rd1 Rxc3 37.h3 Nb4 38.Rd8+ Kh7 39.Rd7 Kg6 40.Rxa7 Rc1+
41.Kh2 Rc6 42.Ra8 Rc7 43.a7 Nc6 44.Ra6 h5 45.Rxc6 1-0

[Event "26th EUR-ch"]
[Site "Katowice POL"]
[Date "2026.04.16"]
[Round "9.178"]
[White "Djurovic, Peko"]
[Black "Tyshniuk, Roman"]
[Result "1-0"]
[WhiteElo "2191"]
[BlackElo "1931"]
[EventDate "2026.04.07"]
[PlyCount "119"]

1.e4 c5 2.Nf3 e6 3.d4 cxd4 4.Nxd4 Nf6 5.Nc3 Nc6 6.Ndb5 Bc5 7.Nd6+ Ke7 8.
Bf4 e5 9.Nf5+ Kf8 10.Bg5 d6 11.Bc4 Be6 12.Qe2 Rc8 13.O-O-O Nd4 14.Nxd4 
Bxc4 15.Qxc4 Bxd4 16.Qb4 Bxc3 17.bxc3 Rc6 18.Qxb7 Qd7 19.Qb8+ Qe8 20.Qb4 
Rb6 21.Qc4 Rc6 22.Qd3 Nd7 23.Be3 Qc8 24.c4 g6 25.Qa3 Qc7 26.Rd5 Kg7 27.c5 
dxc5 28.Qc3 Re8 29.f3 Nb6 30.Rxc5 Ree6 31.Rxc6 Rxc6 32.Bxb6 Qd6 33.Qa5 
Rxb6 34.Rd1 Qc7 35.Rd5 Qc4 36.Qc5 Qxa2 37.Qc3 f6 38.Rd7+ Kh6 39.Qe3+ g5 
40.Qc5 Qb1+ 41.Kd2 Qb4+ 42.Qxb4 Rxb4 43.Rxa7 g4 44.Ra2 Kg5 45.c3 Rc4 46.
Kd3 Rc6 47.fxg4 Kxg4 48.Rf2 h5 49.c4 Rd6+ 50.Kc3 h4 51.c5 Rd4 52.Rxf6 Rxe4
53.c6 Re1 54.Rf2 Ra1 55.c7 Ra8 56.Rf7 h3 57.gxh3+ Kg5 58.Kc4 Ra1 59.Kd5 
Rc1 60.Kxe5 1-0

[Event "26th EUR-ch"]
[Site "Katowice POL"]
[Date "2026.04.16"]
[Round "9.179"]
[White "Pehar, Borna"]
[Black "Olbrycht, Hubert"]
[Result "1-0"]
[WhiteElo "2183"]
[BlackElo "1940"]
[EventDate "2026.04.07"]
[PlyCount "65"]

1.e4 c5 2.Nf3 d6 3.d4 cxd4 4.Nxd4 Nf6 5.Nc3 a6 6.Be3 e5 7.Nb3 Be6 8.Be2 
Be7 9.O-O O-O 10.Nd5 Nxd5 11.exd5 Bc8 12.Qd2 Nd7 13.Rad1 a5 14.a4 Nb6 15.
Bb5 Bd7 16.Bxb6 Qxb6 17.Bxd7 g6 18.Bb5 Qd8 19.Qe2 Bg5 20.Nd2 f5 21.Nc4 Rf7
22.Qf3 Bh6 23.Qa3 Bf8 24.Nd2 g5 25.Be2 Rf6 26.Qe3 Rh6 27.g4 Qf6 28.Qf3 e4 
29.Qxf5 Qxb2 30.Nxe4 Bg7 31.Ng3 Rf8 32.Qe4 Qf6 33.Qe6+ 1-0

[Event "26th EUR-ch"]
[Site "Katowice POL"]
[Date "2026.04.16"]
[Round "9.180"]
[White "Oktem, Ege Tuna"]
[Black "Walaszczyk, Aleksander"]
[Result "0-1"]
[WhiteElo "2392"]
[BlackElo "1878"]
[EventDate "2026.04.07"]
[PlyCount "48"]

1.Nf3 Nf6 2.c4 e6 3.Nc3 d5 4.e3 Be7 5.b3 O-O 6.Bb2 c5 7.cxd5 Nxd5 8.Qc2 
Nc6 9.a3 b6 10.Be2 Bb7 11.O-O Rc8 12.Ne4 f5 13.Nc3 Bf6 14.Rad1 Nd4 15.exd4
cxd4 16.Bc4 Rxc4 17.bxc4 Nf4 18.Ne1 dxc3 19.Bxc3 Bd4 20.Kh1 Rf6 21.f3 Rh6 
22.g3 Ne2 23.Kg2 Rxh2+ 24.Kxh2 Qg5 0-1

[Event "26th EUR-ch"]
[Site "Katowice POL"]
[Date "2026.04.16"]
[Round "9.181"]
[White "Bubalovic, Davorin"]
[Black "Kuegel, Tobias"]
[Result "0-1"]
[WhiteElo "2087"]
[BlackElo "2398"]
[EventDate "2026.04.07"]
[PlyCount "94"]

1.e4 Nf6 2.e5 Nd5 3.d4 d6 4.Nf3 dxe5 5.Nxe5 c6 6.c4 Nb4 7.Be3 Bf5 8.Nd3 e5
9.Nxb4 Bxb4+ 10.Nc3 Qa5 11.Rc1 Qxa2 12.Qd2 Qa5 13.dxe5 Qxe5 14.Be2 O-O 15.
O-O Na6 16.Qd4 Qxd4 17.Bxd4 Rfd8 18.Rfd1 Nc5 19.Be3 Nd3 20.Bxd3 Bxd3 21.c5
Bf5 22.h3 Rxd1+ 23.Nxd1 h5 24.Nc3 Rd8 25.Ne2 f6 26.Nd4 Rd5 27.Rc4 a5 28.
Rc1 Bd7 29.Ne2 Bd2 30.Rd1 Bxe3 31.Rxd5 Bxf2+ 32.Kxf2 cxd5 33.Nf4 Kf7 34.
Nxh5 d4 35.Ke2 Bc6 36.h4 Be4 37.Kf2 g5 38.hxg5 fxg5 39.Ng3 Bd3 40.Kf3 Ke6 
41.Kg4 Kd5 42.Kxg5 Kxc5 43.Kf4 a4 44.Ne4+ Bxe4 45.Kxe4 a3 46.bxa3 Kc4 47.
g4 d3 0-1

[Event "26th EUR-ch"]
[Site "Katowice POL"]
[Date "2026.04.16"]
[Round "9.182"]
[White "Martirosyan, David"]
[Black "Bochniak, Franciszek"]
[Result "1-0"]
[WhiteElo "2281"]
[BlackElo "2107"]
[EventDate "2026.04.07"]
[PlyCount "91"]

1.d4 Nf6 2.c4 e6 3.Nf3 b6 4.a3 Bb7 5.Nc3 d5 6.cxd5 Nxd5 7.Qc2 Be7 8.e4 
Nxc3 9.bxc3 c5 10.Bd3 cxd4 11.cxd4 O-O 12.O-O Nd7 13.Bb2 Rc8 14.Qe2 Qc7 
15.Rad1 Rfd8 16.Rfe1 Qb8 17.d5 exd5 18.e5 Nc5 19.Bf5 Ba6 20.Qe3 Ne6 21.Nd4
Nxd4 22.Bxd4 Bc5 23.Bxc8 Bxd4 24.Rxd4 Qxc8 25.e6 fxe6 26.Qxe6+ Qxe6 27.
Rxe6 Rd7 28.f3 Bc4 29.Kf2 Rb7 30.Ke3 Kf7 31.Re5 g6 32.Rf4+ Kg7 33.Kd4 Rc7 
34.Re8 a5 35.Ke5 b5 36.Kd6 Ra7 37.Rb8 b4 38.axb4 axb4 39.Rxb4 Ra2 40.Rb7+ 
Kh6 41.Rh4+ Kg5 42.Rg4+ Kh6 43.f4 Kh5 44.Rg5+ Kh6 45.Rg3 g5 46.f5 1-0

[Event "26th EUR-ch"]
[Site "Katowice POL"]
[Date "2026.04.16"]
[Round "9.183"]
[White "Nguyen, Khoi"]
[Black "Rudzinska, Michalina"]
[Result "1-0"]
[WhiteElo "2037"]
[BlackElo "2203"]
[EventDate "2026.04.07"]
[PlyCount "93"]

1.d4 Nf6 2.c4 e6 3.Nc3 Bb4 4.a3 Bxc3+ 5.bxc3 d5 6.cxd5 exd5 7.e3 O-O 8.Bd3
c5 9.Ne2 b6 10.O-O Ba6 11.Bxa6 Nxa6 12.Qd3 Nc7 13.dxc5 bxc5 14.c4 Qe7 15.
Bb2 Rfd8 16.Ng3 Rac8 17.Rfd1 dxc4 18.Nf5 Qe8 19.Qxc4 Rxd1+ 20.Rxd1 Rd8 21.
Rc1 Rd5 22.Nh6+ Kf8 23.Bxf6 gxf6 24.e4 Re5 25.f3 Ne6 26.Ng4 Qd8 27.Nxe5 
fxe5 28.Qd5 Qg5 29.Rd1 Qe3+ 30.Kh1 Qc3 31.Qd3 Qb2 32.Rb1 Qd4 33.Qc2 Kg7 
34.Rd1 Qe3 35.Qd3 Qg5 36.Qc3 h5 37.Rd5 Kf6 38.Qd2 Qg7 39.Rd7 Qf8 40.Qd6 
Qe8 41.Rxa7 h4 42.h3 Qd8 43.Qxd8+ Nxd8 44.Rd7 Ne6 45.a4 c4 46.a5 c3 47.Rd6
1-0

[Event "26th EUR-ch"]
[Site "Katowice POL"]
[Date "2026.04.16"]
[Round "9.184"]
[White "Lasok, Marek"]
[Black "Starosta, Martyna"]
[Result "1-0"]
[WhiteElo "2009"]
[BlackElo "2199"]
[EventDate "2026.04.07"]
[PlyCount "157"]

1.c4 Nf6 2.Nc3 c5 3.Nf3 Nc6 4.d4 cxd4 5.Nxd4 g6 6.e4 d6 7.Be2 Bg7 8.Be3 
O-O 9.O-O Bd7 10.Qd2 a5 11.b3 Nxd4 12.Bxd4 Bc6 13.f3 Nd7 14.Be3 Nc5 15.
Rac1 a4 16.b4 Ne6 17.a3 Nc7 18.Bb6 Qb8 19.Nd5 Bxd5 20.cxd5 Ne8 21.Bb5 Nf6 
22.Rc7 Rc8 23.Rfc1 Rxc7 24.Rxc7 Qf8 25.Qc2 Nh5 26.Rxb7 Rb8 27.Rxb8 Qxb8 
28.Qc6 Bb2 29.Qe8+ Qxe8 30.Bxe8 Bxa3 31.Ba5 Nf4 32.Bb5 Bb2 33.Bxa4 Bc3 34.
Bb5 g5 35.g3 Ng6 36.Kf2 h5 37.Ke3 h4 38.Bf1 Ne5 39.Bd8 Bxb4 40.gxh4 Kf8 
41.hxg5 Ba3 42.Kf2 Bc1 43.Kg3 Bd2 44.Be2 Be1+ 45.Kf4 Bd2+ 46.Kf5 Ng6 47.
Bb6 Nf4 48.Bf1 Ng6 49.Bf2 Ne5 50.Be2 Ng6 51.Bg3 Kg7 52.h4 Kh7 53.h5 Nf8 
54.Kg4 Nd7 55.f4 Nc5 56.e5 Kg8 57.exd6 exd6 58.Kf5 Bc3 59.Bf2 Kf8 60.Bb5 
Ke7 61.Bg1 Nb3 62.Ke4 Nc5+ 63.Kf3 Nb3 64.Kg4 Nc5 65.f5 Ne4 66.Bd3 Nc5 67.
Bc2 Nd7 68.Be3 Ne5+ 69.Kf4 Nc4 70.Bc1 Ne5 71.f6+ Kf8 72.Be4 Bb4 73.g6 fxg6
74.hxg6 Bc3 75.Kf5 Nd7 76.Bh6+ Ke8 77.Bg5 Be5 78.Bd3 Kf8 79.Bb5 1-0

[Event "26th EUR-ch"]
[Site "Katowice POL"]
[Date "2026.04.16"]
[Round "9.185"]
[White "Pasa, Ahmet"]
[Black "Majcher, Igor"]
[Result "1/2-1/2"]
[WhiteElo "2004"]
[BlackElo "2184"]
[EventDate "2026.04.07"]
[PlyCount "74"]

1.d4 Nf6 2.Nf3 b6 3.Bf4 Bb7 4.e3 Nh5 5.Bg5 h6 6.Bh4 g5 7.Bg3 Nxg3 8.hxg3 
Bg7 9.Nbd2 e6 10.Bd3 c5 11.c3 Nc6 12.a4 d5 13.g4 Qe7 14.Qe2 e5 15.dxe5 
Nxe5 16.Nxe5 Qxe5 17.Nf3 Qe6 18.Bf5 Qf6 19.a5 O-O 20.axb6 axb6 21.O-O Rfe8
22.Qd3 Qc6 23.Rfd1 Ra4 24.Rxa4 Qxa4 25.Qc2 Qa2 26.Qb1 Ra8 27.Qxa2 Rxa2 28.
Rb1 Ba6 29.Bc2 Bc4 30.Nd2 b5 31.Nxc4 bxc4 32.Bd1 d4 33.exd4 cxd4 34.cxd4 
Bxd4 35.Be2 Ra4 36.Rc1 Bxb2 37.Rxc4 Rxc4 1/2-1/2

[Event "26th EUR-ch"]
[Site "Katowice POL"]
[Date "2026.04.16"]
[Round "9.186"]
[White "Malecki, Rafal"]
[Black "Pasti, Zsombor"]
[Result "0-1"]
[WhiteElo "1992"]
[BlackElo "2179"]
[EventDate "2026.04.07"]
[PlyCount "42"]

1.e4 e5 2.d3 Nc6 3.g3 Bc5 4.Bg2 Nf6 5.Nf3 d5 6.Nbd2 O-O 7.O-O Bg4 8.c3 
dxe4 9.dxe4 Qd3 10.Re1 Rad8 11.h3 Nxe4 12.Rxe4 Qxe4 13.Qf1 Qg6 14.hxg4 
Qxg4 15.Qe2 Bb6 16.Nf1 e4 17.Qc4 Qf5 18.g4 Qxg4 19.N3d2 Rfe8 20.Nh2 Bxf2+ 
21.Kxf2 Rxd2+ 0-1

[Event "26th EUR-ch"]
[Site "Katowice POL"]
[Date "2026.04.16"]
[Round "9.187"]
[White "Zakin, Lior"]
[Black "Kondys, Piotr"]
[Result "1/2-1/2"]
[WhiteElo "1985"]
[BlackElo "2178"]
[EventDate "2026.04.07"]
[PlyCount "94"]

1.e4 e6 2.d4 d5 3.Nd2 Be7 4.Ngf3 Nf6 5.e5 Nfd7 6.Bd3 c5 7.c3 Nc6 8.O-O a5 
9.Re1 Qb6 10.a3 cxd4 11.cxd4 Nxd4 12.Nxd4 Qxd4 13.Nf3 Qb6 14.Qa4 O-O 15.b4
Qc7 16.Bb2 Nb6 17.Qb3 axb4 18.axb4 Bd7 19.Rac1 Qb8 20.Bd4 Na4 21.Ra1 Rc8 
22.Rec1 h6 23.Be3 Bd8 24.Rxc8 Qxc8 25.Rc1 Qb8 26.Bb1 h5 27.Qd3 g6 28.g3 
Be8 29.Qd2 Be7 30.Bg5 Qd8 31.Bxe7 Qxe7 32.Qh6 Qf8 33.Qf4 Nb6 34.Rc7 Ra1 
35.Nd2 Ra4 36.Qf6 Rxb4 37.Bc2 d4 38.Be4 Nd5 39.Bxd5 exd5 40.e6 fxe6 41.
Qxe6+ Bf7 42.Qd7 Qg7 43.Qd8+ Qf8 44.Qd7 Qg7 45.Qd8+ Qf8 46.Qd7 Qg7 47.Nf3 
Rc4 1/2-1/2

[Event "26th EUR-ch"]
[Site "Katowice POL"]
[Date "2026.04.16"]
[Round "9.188"]
[White "Sliwicki, Damian"]
[Black "Tashkinova, Sofiia"]
[Result "0-1"]
[WhiteElo "2176"]
[BlackElo "2105"]
[EventDate "2026.04.07"]
[PlyCount "122"]

1.e4 e6 2.Nf3 d5 3.exd5 exd5 4.d4 Nc6 5.h3 Bd6 6.Bg5 f6 7.Bd2 Nge7 8.Bd3 
Bf5 9.Bxf5 Nxf5 10.O-O Qd7 11.c4 dxc4 12.Qe2+ Be7 13.Bc3 O-O-O 14.Rd1 Qd5 
15.Nbd2 Rhe8 16.Nxc4 Bf8 17.Qd3 Kb8 18.Rab1 g5 19.b4 h5 20.b5 Nce7 21.Ne3 
Nxe3 22.fxe3 Nf5 23.Re1 Nd6 24.Nd2 f5 25.Bb4 g4 26.Bxd6 Bxd6 27.Qc4 Bg3 
28.Qxd5 Rxd5 29.Red1 gxh3 30.Nf1 Rg8 31.gxh3 f4 32.exf4 Bxf4+ 33.Kh1 Rdg5 
34.Nh2 Rg2 35.Nf3 R2g3 36.Ng1 Be3 37.Kh2 Rg2+ 38.Kh1 Rxa2 39.Re1 Bxd4 40.
Rbd1 Bxg1 41.Rxg1 Rxg1+ 42.Rxg1 a6 43.bxa6 Rxa6 44.Rg5 h4 45.Rg4 Rh6 46.
Kg2 b5 47.Kf3 Kb7 48.Ke3 Kb6 49.Kd3 c5 50.Kc3 Rf6 51.Rxh4 Rf3+ 52.Kb2 Ka5 
53.Rh8 Kb4 54.h4 Rf2+ 55.Kc1 Kc3 56.Kd1 Rd2+ 57.Ke1 b4 58.Rg8 b3 59.Rg3+ 
Rd3 60.Rg8 b2 61.Rb8 Rd4 0-1

[Event "26th EUR-ch"]
[Site "Katowice POL"]
[Date "2026.04.16"]
[Round "9.189"]
[White "Kulpa, Zuzanna"]
[Black "Kulich, Filip"]
[Result "1-0"]
[WhiteElo "1979"]
[BlackElo "2171"]
[EventDate "2026.04.07"]
[PlyCount "85"]

1.d4 Nf6 2.c4 g6 3.Nc3 Bg7 4.e4 O-O 5.Be3 d6 6.h3 c5 7.Nf3 cxd4 8.Nxd4 Nc6
9.Be2 a6 10.O-O Bd7 11.Qd2 Rc8 12.Rac1 Nxd4 13.Bxd4 Bc6 14.Qe3 Ne8 15.Bb6 
Qd7 16.b4 Nf6 17.Rfd1 Qe6 18.f3 Nh5 19.Bd4 Be5 20.Bxe5 Qxe5 21.b5 axb5 22.
cxb5 Bd7 23.Nd5 Rxc1 24.Rxc1 Ng3 25.Bd3 Nf5 26.Qf2 Be6 27.f4 Qg7 28.Rc7 
Ra8 29.Bc4 Bxd5 30.Bxd5 Qa1+ 31.Kh2 e6 32.exf5 exd5 33.fxg6 hxg6 34.Qd2 d4
35.Rc2 Re8 36.Rc1 Re2 37.Rc8+ Kg7 38.Qxe2 Qb1 39.Qd2 Qe4 40.Rc4 Qf5 41.
Qxd4+ f6 42.Rc7+ Kh6 43.Qxd6 1-0

[Event "26th EUR-ch"]
[Site "Katowice POL"]
[Date "2026.04.16"]
[Round "9.190"]
[White "Sertbay, Huseyin"]
[Black "Odabasi, Ruzgar"]
[Result "0-1"]
[WhiteElo "2171"]
[BlackElo "2065"]
[EventDate "2026.04.07"]
[PlyCount "108"]

1.e4 c5 2.c4 Nc6 3.g3 g6 4.Bg2 Bg7 5.Nc3 d6 6.Nge2 Nf6 7.d3 O-O 8.O-O Ne8 
9.a3 Nc7 10.Rb1 a5 11.Be3 Ne6 12.Nb5 Ncd4 13.f4 Nxb5 14.cxb5 a4 15.d4 Qb6 
16.dxc5 dxc5 17.Nc3 Nd4 18.Nxa4 Qxb5 19.Nc3 Qd7 20.Nd5 Qd8 21.e5 h5 22.Rc1
Bg4 23.Qd2 Ne2+ 24.Kh1 Nxc1 25.Qxc1 Bh3 26.Bxh3 Qxd5+ 27.Bg2 Qb3 28.Bxc5 
Rac8 29.Qe3 Qxe3 30.Bxe3 Rc2 31.Bd4 Rc7 32.Bb6 Rd7 33.a4 Rc8 34.b4 Rc4 35.
Rb1 e6 36.a5 Bf8 37.b5 Bc5 38.Bxc5 Rxc5 39.a6 bxa6 40.b6 Rb5 41.Rxb5 axb5 
42.Bc6 Rd1+ 43.Kg2 b4 44.Be4 b3 45.b7 Rd8 46.h4 b2 47.Kh3 Rb8 48.Kh2 Rxb7 
49.Bxb7 b1=Q 50.Bg2 Qc2 51.Kh1 Qf2 52.Kh2 Kg7 53.Kh3 f6 54.exf6+ Kxf6 0-1

[Event "26th EUR-ch"]
[Site "Katowice POL"]
[Date "2026.04.16"]
[Round "9.191"]
[White "Chojnacki, Slawomir"]
[Black "Kulich, Daniel"]
[Result "1-0"]
[WhiteElo "2166"]
[BlackElo "2045"]
[EventDate "2026.04.07"]
[PlyCount "119"]

1.d4 d5 2.Bf4 Nf6 3.e3 e6 4.Nd2 Bd6 5.Bg3 O-O 6.c3 c5 7.Ngf3 Qc7 8.Bd3 
Nbd7 9.O-O Bxg3 10.hxg3 e5 11.e4 dxe4 12.Nxe4 Nxe4 13.Bxe4 Nf6 14.Qc2 cxd4
15.cxd4 Qxc2 16.Bxc2 exd4 17.Rfe1 Rd8 18.Bb3 Bg4 19.Re7 Bxf3 20.gxf3 Rd7 
21.Bxf7+ Kf8 22.Rxd7 Nxd7 23.Bd5 Nf6 24.Be4 Nxe4 25.fxe4 Rc8 26.Rd1 Rc2 
27.Rxd4 Rxb2 28.Rd7 Rxa2 29.Rxb7 Ra4 30.e5 Re4 31.Rb5 g5 32.f3 Re2 33.Ra5 
Kf7 34.Kf1 Rb2 35.Ra6 Rb6 36.Rxa7+ Ke6 37.f4 gxf4 38.gxf4 Kf5 39.Rf7+ Kg6 
40.Rf8 Kg7 41.Rf5 Rb2 42.Rg5+ Kf7 43.f5 Rb5 44.f6 Ke6 45.Kg2 h6 46.Rh5 Rb3
47.Kf2 Ra3 48.Ke2 Rb3 49.Kd2 Ra3 50.Kc2 Re3 51.Rf5 Kf7 52.Kd2 Ra3 53.e6+ 
Kf8 54.Rc5 Ra8 55.Ke3 Kg8 56.Kf4 Kh7 57.Kf5 h5 58.e7 h4 59.f7 Kg7 60.e8=Q 
1-0